| 000 | 00482nam a2200169Ia 4500 | ||
|---|---|---|---|
| 003 | GCL | ||
| 008 | 140319s9999 xx 000 0 ara d | ||
| 040 |
_aGCL / _cGCL |
||
| 082 | 0 | 4 |
_a321.8 _bخ ا |
| 100 | 1 | _aخديجة صفوت | |
| 245 | 1 | 0 |
_aالاسلام السياسى وراس المال الهارب / _cخديجة صفوت |
| 300 | _a215 ص | ||
| 490 | _a | ||
| 650 | 0 | 4 | _aالاقتصاد |
| 650 | 0 | 4 | _aالسودان - الاحوال السياسية |
| 942 |
_2ddc _cBK |
||
| 999 |
_c44520 _d44520 |
||